| 000 | 00827nam a2200217Ia 4500 | ||
|---|---|---|---|
| 999 |
_c47223 _d47223 |
||
| 001 | 14083 | ||
| 003 | GE_BSU | ||
| 005 | 20241031152841.0 | ||
| 008 | 181216s||||||||xx |||||||||||||| ||und|| | ||
| 040 | _cGE_BSU | ||
| 041 | _ageo | ||
| 080 | _a94(100)04/14(075.8) ტ-56 | ||
| 100 |
_aტივაძე, გ. _91507 |
||
| 245 |
_aშუა საუკუნეების ისტორია.I / _cგ. ტივაძე ; რედ. : გ. ჟორდანია. |
||
| 264 |
_aთბილისი : _bთბილისის უნ-ტის გამ-ბა, _c1987. |
||
| 300 |
_a507გვ. ; _c22 სმ. |
||
| 541 | _h15ლ. | ||
| 653 | _aშუა საუკუნეების ისტორია. I | ||
| 700 |
_aჟორდანია, გ. _eრედაქტორი _94668 |
||
| 942 |
_cBK _2udc |
||